LEADER 00929nam a22002531i 4500 001 991002359049707536 005 20030623153111.0 008 030925s1969 it |||||||||||||||||eng 035 $ab12277745-39ule_inst 035 $aARCHE-032531$9ExL 040 $aBiblioteca Interfacoltà$bita$cA.t.i. Arché s.c.r.l. Pandora Sicilia s.r.l. 082 04$a823.8 100 1 $aDickens, Charles$0154882 245 12$aA Christmas carol /$cCharles Dickens ; annotato da Ettore Favara 250 $aEd. integrale 260 $a[Torino] :$bSocietà editrice internazionale,$c1969 300 $a1 v. ;$c20 cm 700 1 $aFavara, Ettore 907 $a.b12277745$b02-04-14$c08-10-03 912 $a991002359049707536 945 $aLE002 Busta B 77/4$g1$iLE002-42951$lle002$o-$pE0.00$q-$rl$s- $t0$u0$v0$w0$x0$y.i12670108$z08-10-03 996 $aChristmas carol$913136 997 $aUNISALENTO 998 $ale002$b08-10-03$cm$da $e-$feng$git $h2$i1